000 00447nam a2200181Ia 4500
001 3382
005 20260306145639.0
008 260306t2003||||xx |||||||||||||| ||spa||
041 _aESP
082 _a270.092
_bS23
100 _aSánchez-Concha Barrios, Rafael
_eAUT
245 0 _aSantos y santidad en el Perú virreinal
260 _c2003
300 _a345 páginas :
_c20 cm.
650 _aGEN
654 _aCHU
942 _cLIB
_dJUS
_fJUS
_2ddc
_n
999 _c3382
_d3382